| 000 | 01087nam a2200313Ia 4500 | ||
|---|---|---|---|
| 005 | 20220317001804.0 | ||
| 008 | 170328s2009 m o g 000 0 s | ||
| 020 | _a9789974680418 | ||
| 041 | _aspa | ||
| 082 | 0 | 4 |
_a641.5 _bA76 |
| 245 | 0 | 0 |
_aAromas y deleite _bde la cocina del mundo _cdirección general Luis Roberto Barone ; investigación y selección de textos Marta Lucía Ghiglioni ; fotografías especiales Ana Sofía Quintana |
| 250 | _a1a. edición | ||
| 300 |
_a160 páginas _bfotografías en color _c31 cm |
||
| 490 | _aBiblioteca hogarama | ||
| 650 | 1 | 4 |
_2LEMB _aCarnes (Cocina) |
| 650 | 1 | 4 |
_2LEMB _aEnsaladas |
| 650 | 1 | 4 |
_2LEMB _aGastronomía |
| 650 | 1 | 4 |
_2LEMB _aRecetarios |
| 650 | 1 | 4 |
_2LEMB _aSalsas |
| 650 | 1 | 4 |
_2LEMB _aCocina _xEnseñanza |
| 700 | 1 |
_aGhiglioni, Marta _980370 |
|
| 700 | 1 |
_aQuintana, Ana Sofía _990814 |
|
| 942 |
_2ddc _cBK |
||
| 264 |
_aMontevideo _bArquetipo Gupo Editorial _c2009 |
||
| 336 |
_atexto _btxt _2rdacontent |
||
| 337 |
_asin mediación _bn _2rdamedia |
||
| 338 |
_avolumen _bnc _2rdacarrier |
||
| 040 |
_aCO-BoRNBP _bspa _erda _cCO-BoRNBP |
||
| 999 |
_c8099 _d8099 |
||